000 00532nam a2200217Ia 4500
003 OSt
005 20220918230508.0
006 a|||||r|||| 00| 0
007 ta
008 220917b |||||||| |||| 00| 0 eng d
024 _a254,864
037 _cTextual
040 _aARTS
_cARTS
_beng
041 _2eng
_aeng
082 _aV41.N49<-N11, K8
100 _aSchurmann F
_9152731
245 0 _aSomminist China
260 _c1968
942 _hV41.N49<-N11, K8
_cTEXL
_2CC
999 _c288221
_d288221